000 00878nam a2200229Ii 4500
003 JO-AjNU
008 230605s9999||||xx |||||||||||||| ||und||
017 _a2005/21349
020 _a977-322-176-8
040 _aJO-AjNU
_bara
_erda
_cJO-AjNU
041 _aara
050 1 4 _aBP75.2.I262.2006
100 3 _aبن جماعة،عز الدين ابي محمد ، فرحات،كرم حلمي/دراسة وتحقيق,
_eauthor
_97888
245 0 0 _aالمختصر الصغير في سيرة رسول الله صلى الله عليه وسلم
250 _aط1
264 3 1 _aد.م:عين للدراسات والبحوث الانسانية والاجتماعية ،2006
300 _a138ص
336 _atext
_btxt
_2rdacontent
337 _aunmediated
_bn
_2rdamedia
338 _avolume
_bnc
_2rdacarrier
650 4 _aسيرة الرسول صلى الله عليه وسلم
_97889
999 _aA507
_c4075
_d4075